LEADER 01805nam 2200301 n 450 001 996390995703316 005 20221108043238.0 035 $a(CKB)4940000000106419 035 $a(EEBO)2240888109 035 $a(UnM)99859601 035 $a(EXLCZ)994940000000106419 100 $a19850607d1643 uh | 101 0 $aeng 135 $aurbn||||a|bb| 200 10$aTwo ordinances of the Lords and Commons assembled in Parliament$b[electronic resource] $efor the assessing all men of ability, within the counties of Northampton, Leicester, Derby, Rutland, Nottingham, Huntingdon, Bedford, and Buckingham, that have not contributed upon the propositions of both Houses of Parliament; and they to be rated and assessed in like sort as was the 400000 l. by an act of this present Parliament. As also, for the association of the severall counties aforesaid, for the mutuall defence one or another. With the names of the committees in the said counties, for the same purpose. Die Lunæ, 16. Ian. 1642. It is this day ordered by the Commons House of Parliament, that the ordinance for levying of moneys, within the counties of Northampton, Bedford, &c. be printed together with the ordinances for association of the aforesaid counties. Hen. Elsynge Cler. Parl. D. Com 210 $aLondon $cPrinted for Iohn Wright in the Old-baily$dIanuary 17. 1642. [i.e. 1643] 215 $a[8] p 300 $aReproduction of the original in the British Library. 330 $aeebo-0018 607 $aGreat Britain$xHistory$yCivil War, 1642-1649$xFinance$vEarly works to 1800 801 0$bCu-RivES 801 1$bCu-RivES 801 2$bCStRLIN 801 2$bWaOLN 906 $aBOOK 912 $a996390995703316 996 $aTwo ordinances of the Lords and Commons assembled in Parliament$92299709 997 $aUNISA LEADER 04896oam 2201441zu 450 001 9910698356103321 005 20251017110234.0 035 $a(CKB)3450000000002097 035 $a(SSID)ssj0000622388 035 $a(PQKBManifestationID)11407610 035 $a(PQKBTitleCode)TC0000622388 035 $a(PQKBWorkID)10637775 035 $a(PQKB)23090115 035 $a(WaSeSS)Innodata00029886 035 $a(OCoLC)183884914 035 $a(DNLM)1466813 035 $a(EXLCZ)993450000000002097 100 $a20160829d2007 uy 101 0 $aeng 135 $aur||||||||||| 181 $ctxt 182 $cc 183 $acr 200 00$aPrevention of urinary and fecal incontinence in adults 210 31$a[Place of publication not identified]$cU S Dept of Health and Human Services Public Health Service Agency for Healthcare Research and Q$d2007 215 $a1 online resource 225 0 $aEvidence report/technology assessment Prevention of urinary and fecal incontinence in adults 300 $aBibliographic Level Mode of Issuance: Monograph 320 $aIncludes bibliographical references. 410 0$aEvidence report/technology assessment ;$vno. 161. 410 0$aAHRQ publication ;$vno. 08-E003. 606 $aUrinary incontinence$xPrevention 606 $aFecal incontinence$xPrevention 606 $aEvidence-based medicine 606 $aRisk 606 $aEpidemiologic Studies 606 $aEvidence-Based Practice 606 $aRectal Diseases 606 $aCausality 606 $aClinical Medicine 606 $aUrination Disorders 606 $aUrological Manifestations 606 $aEpidemiologic Methods 606 $aUrologic Diseases 606 $aHealth Occupations 606 $aHealth Care Evaluation Mechanisms 606 $aProbability 606 $aEpidemiologic Factors 606 $aIntestinal Diseases 606 $aMedicine 606 $aSigns and Symptoms 606 $aStatistics as Topic 606 $aQuality of Health Care 606 $aMale Urogenital Diseases 606 $aPathological Conditions, Signs and Symptoms 606 $aFemale Urogenital Diseases 606 $aGastrointestinal Diseases 606 $aPublic Health 606 $aInvestigative Techniques 606 $aEnvironment and Public Health 606 $aHealth Care Quality, Access, and Evaluation 606 $aDigestive System Diseases 606 $aFemale Urogenital Diseases and Pregnancy Complications 606 $aDiagnostic Techniques and Procedures 606 $aDisease 606 $aDelivery of Health Care 606 $aFecal Incontinence 606 $aEvidence-Based Medicine 606 $aRisk Factors 606 $aUrinary Incontinence 606 $aMedicine$2HILCC 606 $aHealth & Biological Sciences$2HILCC 606 $aUrology & Nephrology$2HILCC 615 0$aUrinary incontinence$xPrevention. 615 0$aFecal incontinence$xPrevention. 615 0$aEvidence-based medicine. 615 2$aRisk. 615 2$aEpidemiologic Studies. 615 2$aEvidence-Based Practice. 615 2$aRectal Diseases. 615 2$aCausality. 615 2$aClinical Medicine. 615 2$aUrination Disorders. 615 2$aUrological Manifestations. 615 2$aEpidemiologic Methods. 615 2$aUrologic Diseases. 615 2$aHealth Occupations. 615 2$aHealth Care Evaluation Mechanisms. 615 2$aProbability. 615 2$aEpidemiologic Factors. 615 2$aIntestinal Diseases. 615 2$aMedicine. 615 2$aSigns and Symptoms. 615 2$aStatistics as Topic. 615 2$aQuality of Health Care. 615 2$aMale Urogenital Diseases. 615 2$aPathological Conditions, Signs and Symptoms. 615 2$aFemale Urogenital Diseases. 615 2$aGastrointestinal Diseases. 615 2$aPublic Health. 615 2$aInvestigative Techniques. 615 2$aEnvironment and Public Health. 615 2$aHealth Care Quality, Access, and Evaluation. 615 2$aDigestive System Diseases. 615 2$aFemale Urogenital Diseases and Pregnancy Complications. 615 2$aDiagnostic Techniques and Procedures. 615 2$aDisease. 615 2$aDelivery of Health Care. 615 2$aFecal Incontinence. 615 2$aEvidence-Based Medicine. 615 2$aRisk Factors. 615 2$aUrinary Incontinence. 615 7$aMedicine 615 7$aHealth & Biological Sciences 615 7$aUrology & Nephrology 702 $aShamliyan$b Tatyana 712 02$aUnited States Agency for Healthcare Research and Quality 712 02$aMinnesota Evidence-based Practice Center, 801 0$bPQKB 906 $aBOOK 912 $a9910698356103321 996 $aPrevention of urinary and fecal incontinence in adults$93129503 997 $aUNINA